000 00454nam a2200181Ia 4500
001 11753
005 20260306162851.0
008 260306t2019||||xx |||||||||||||| ||spa||
041 _aESP
082 _aHR 150
_bENE-DIC 2019 RPHP.2
100 _aCaycho, Tomás
_eAUT
245 0 _aRevista peruana de historia de la psicología
260 _c2019
300 _a134 páginas :
_c24 cm.
650 _aGEN
654 _aCPS
942 _cREV
_dJUS
_fJUS
_2ddc
_n
999 _c11753
_d11753